[Event "Tom Weston Major op"]
[Site "Cardiff"]
[Date "2017.04.16"]
[Round "5"]
[White "Summers, Charles B"]
[Black "Probert, Malcolm"]
[Result "1/2-1/2"]
[WhiteElo "1926"]
[BlackElo "1592"]
[PlyCount "45"]
[EventDate "2017.04.14"]
[EventType "swiss"]
[EventRounds "7"]
[EventCountry "WLS"]
[SourceTitle "EXT 2019"]
[Source "ChessBase"]
[SourceDate "2018.10.10"]
[SourceVersion "1"]
[SourceVersionDate "2018.10.10"]
[SourceQuality "1"]

1. d4 d6 2. e4 Nf6 3. Nc3 c6 4. f4 e5 5. Nf3 Qa5 6. Bd2 Qb6 7. fxe5 dxe5 8. Na4 Qc7 9. Nxe5 Nxe4 10. Bc4 Nd6 11. 0-0 Nxc4 12. Nxf7 Nxd2 13. Qxd2 Rg8 14. Rae1+ Be7 15. Nc5 b6 16. Ne4 Nd7 17. Ned6+ Kf8 18. Nh6+ Nf6 19. Rxf6+ gxf6 20. Nhf5 Bxf5 21. Qh6+ Rg7 22. Nxf5 Bd8 23. Re4 1/2-1/2

[Event "Tom Weston Major op"]
[Site "Cardiff"]
[Date "2016.03.28"]
[Round "5"]
[White "Ivekovic, Tihana"]
[Black "Summers, Charles B"]
[Result "1/2-1/2"]
[WhiteElo "2115"]
[BlackElo "1922"]
[PlyCount "58"]
[EventDate "2016.03.25"]
[EventType "swiss"]
[EventRounds "7"]
[EventCountry "WLS"]
[SourceTitle "EXT 2018"]
[Source "ChessBase"]
[SourceDate "2017.10.13"]
[SourceVersion "1"]
[SourceVersionDate "2017.10.13"]
[SourceQuality "1"]

1. d4 Nf6 2. c4 e5 3. dxe5 Ng4 4. Nf3 Bc5 5. e3 Nc6 6. Nc3 Ngxe5 7. Nxe5 Nxe5 8. Be2 0-0 9. 0-0 Re8 10. Kh1 a5 11. f4 Ng6 12. e4 d6 13. Qc2 c6 14. Bd2 Qh4 15. g3 Qe7 16. Bf3 Bh3 17. Rfe1 Qd7 18. Be3 Bg4 19. Bxg4 Qxg4 20. Bxc5 dxc5 21. Qf2 h5 22. Rad1 Rad8 23. Rd2 Rd4 24. Rxd4 cxd4 25. Qxd4 h4 26. Qd1 Qh3 27. Qf3 Rd8 28. Qg2 Qg4 29. Qe2 Qh3 1/2-1/2

[Event "Tom Weston Major op"]
[Site "Cardiff"]
[Date "2015.04.04"]
[Round "4"]
[White "Buttell, David"]
[Black "Summers, Charles B"]
[Result "1/2-1/2"]
[WhiteElo "1797"]
[BlackElo "1912"]
[PlyCount "60"]
[EventDate "2015.04.03"]
[EventType "swiss"]
[EventRounds "7"]
[EventCountry "WLS"]
[SourceTitle "EXT 2018"]
[Source "ChessBase"]
[SourceDate "2017.10.13"]
[SourceVersion "1"]
[SourceVersionDate "2017.10.13"]
[SourceQuality "1"]

1. d4 Nf6 2. c4 e5 3. dxe5 Ng4 4. e4 Nxe5 5. f4 Nec6 6. Be3 Bb4+ 7. Nc3 Qe7 8. Bd3 d6 9. Nf3 Nd7 10. 0-0 Bxc3 11. bxc3 Nf6 12. Qc2 0-0 13. Rae1 Ng4 14. Bc1 g6 15. h3 Nf6 16. e5 dxe5 17. Nxe5 Qd6 18. Nxc6 Qxc6 19. f5 Nh5 20. fxg6 hxg6 21. Be3 Ng3 22. Rf3 Nf5 23. Bd4 Be6 24. Bxf5 Bxf5 25. Qd2 f6 26. Ref1 Qxc4 27. g4 c5 28. gxf5 cxd4 29. fxg6 Kg7 30. cxd4 Rad8 1/2-1/2

[Event "WLS-ch"]
[Site "Cardiff"]
[Date "2013.03.30"]
[Round "3"]
[White "Summers, Charles B"]
[Black "Evans, Nicholas Thomas"]
[Result "1/2-1/2"]
[WhiteElo "1971"]
[BlackElo "1735"]
[PlyCount "142"]
[EventDate "2013.03.29"]
[EventType "swiss"]
[EventRounds "7"]
[EventCountry "WLS"]
[SourceTitle "CBM 153 Extra"]
[Source "ChessBase"]
[SourceDate "2013.04.22"]
[SourceVersion "1"]
[SourceVersionDate "2013.04.22"]
[SourceQuality "1"]

1. d4 d5 2. e4 dxe4 3. Nc3 Nf6 4. f3 Bf5 5. fxe4 Nxe4 6. Qf3 Nxc3 7. bxc3 Bxc2 8. Qxb7 Nd7 9. Bb5 Rb8 10. Bxd7+ Kxd7 11. Qf3 e6 12. Qxf7+ Qe7 13. Qf2 Be4 14. Ne2 Qf6 15. 0-0 Qxf2+ 16. Rxf2 Be7 17. Rf7 Rhg8 18. Ba3 Rbe8 19. Re1 Bg6 20. Rxe7+ Rxe7 21. Bxe7 Kxe7 22. Nf4 Bf7 23. Nxe6 Bxe6 24. d5 Kd6 25. Rxe6+ Kxd5 26. Re7 Kd6 27. Rf7 h6 28. Kf2 Rb8 29. Rxg7 Rb2+ 30. Ke3 Rxa2 31. h3 h5 32. g3 Rh2 33. h4 Rc2 34. Kd3 Rg2 35. Rg5 c5 36. Kc4 a6 37. Rg6+ Ke5 38. Kxc5 Ke4 39. c4 a5 40. Kb5 Kd4 41. c5 Rb2+ 42. Kxa5 Kxc5 43. Rg5+ Kd6 44. Rxh5 Ke6 45. Rg5 Kf6 46. Rg8 Kf7 47. Rg5 Kf6 48. Ka4 Rb7 49. g4 Rh7 50. Rf5+ Kg6 51. h5+ Kh6 52. Rf6+ Kg7 53. Ra6 Rh8 54. Rb6 Rd8 55. Rg6+ Kh7 56. Kb5 Rc8 57. Rc6 Re8 58. g5 Re5+ 59. Rc5 Re1 60. Rc7+ Kg8 61. h6 Rg1 62. Rg7+ Kh8 63. Kc6 Rh1 64. Rd7 Rg1 65. Rd5 Kh7 66. Kd6 Kg6 67. Ke6 Re1+ 68. Re5 Rf1 69. Kd5 Rd1+ 70. Ke6 Rf1 71. Ke7 Rf7+ 1/2-1/2

[Event "WLS-ch"]
[Site "Cardiff"]
[Date "2010.04.04"]
[Round "5"]
[White "Summers, Charles B"]
[Black "Garcia, Jason"]
[Result "1/2-1/2"]
[WhiteElo "1953"]
[BlackElo "2005"]
[PlyCount "78"]
[EventDate "2010.04.02"]
[EventType "swiss"]
[EventRounds "7"]
[EventCountry "WLS"]
[SourceTitle "CBM 135 Extra"]
[Source "ChessBase"]
[SourceDate "2010.05.04"]
[SourceVersion "1"]
[SourceVersionDate "2010.05.04"]
[SourceQuality "1"]

1. d4 f5 2. e4 fxe4 3. Nc3 Nf6 4. Bg5 b6 5. f3 e3 6. Bxe3 Bb7 7. Qd2 e6 8. Bd3 Bb4 9. a3 Bxc3 10. bxc3 0-0 11. Nh3 Qe8 12. 0-0 Nc6 13. Ng5 Ne7 14. c4 h6 15. Ne4 Nf5 16. Rae1 Qe7 17. Nc3 Nxe3 18. Qxe3 a6 19. d5 Qxa3 20. dxe6 dxe6 21. Qxe6+ Kh8 22. Ne4 Rae8 23. Qh3 Nxe4 24. fxe4 Qc5+ 25. Qe3 Qxe3+ 26. Rxe3 g5 27. e5 Rxf1+ 28. Kxf1 Kg7 29. Bf5 Bc8 30. Bxc8 Rxc8 31. Rd3 Kf7 32. Rf3+ Ke6 33. Rf6+ Kxe5 34. Rxh6 a5 35. Rh5 Rg8 36. Rh7 Kd6 37. Ke2 c6 38. Kd3 Kc5 39. Kc3 Re8 1/2-1/2

[Event "WLS-ch"]
[Site "Cardiff"]
[Date "2010.04.04"]
[Round "4"]
[White "Thomas, James M"]
[Black "Summers, Charles B"]
[Result "1/2-1/2"]
[WhiteElo "1870"]
[BlackElo "1953"]
[PlyCount "78"]
[EventDate "2010.04.02"]
[EventType "swiss"]
[EventRounds "7"]
[EventCountry "WLS"]
[SourceTitle "CBM 135 Extra"]
[Source "ChessBase"]
[SourceDate "2010.05.04"]
[SourceVersion "1"]
[SourceVersionDate "2010.05.04"]
[SourceQuality "1"]

1. e4 g6 2. d4 Bg7 3. Nc3 c6 4. Be3 d6 5. Qd2 Nd7 6. Be2 h5 7. f4 Nb6 8. 0-0-0 d5 9. e5 Nh6 10. h3 h4 11. Nf3 Nf5 12. Bf2 e6 13. Rdg1 Bf8 14. g4 hxg3 15. Bxg3 Be7 16. Bf2 Nd7 17. Nd1 b5 18. Ne3 Nxe3 19. Bxe3 a5 20. Ng5 Nb6 21. Bd3 Bxg5 22. Rxg5 Nc4 23. Qe2 Qe7 24. Bxc4 bxc4 25. c3 a4 26. a3 Ba6 27. h4 0-0-0 28. Qd1 Bb5 29. h5 Rdg8 30. hxg6 Rxh1 31. Qxh1 fxg6 32. Rg4 Qf7 33. Rg5 Kb7 34. Qh3 Kb6 35. Rg1 Ba6 36. Qg4 Bc8 37. Bf2 Bd7 38. Bh4 Rh8 39. Rh1 Qf5 1/2-1/2

[Event "WLS-ch"]
[Site "Cardiff"]
[Date "2010.04.03"]
[Round "3"]
[White "Summers, Charles B"]
[Black "Van Kemenade, Rudy"]
[Result "1-0"]
[WhiteElo "1953"]
[BlackElo "1983"]
[PlyCount "91"]
[EventDate "2010.04.02"]
[EventType "swiss"]
[EventRounds "7"]
[EventCountry "WLS"]
[SourceTitle "CBM 135 Extra"]
[Source "ChessBase"]
[SourceDate "2010.05.04"]
[SourceVersion "1"]
[SourceVersionDate "2010.05.04"]
[SourceQuality "1"]

1. d4 d6 2. e4 Nf6 3. Nc3 Nbd7 4. Be3 e5 5. Qd2 Be7 6. Be2 c6 7. g4 h6 8. h4 b5 9. f3 b4 10. Nd1 a5 11. Nf2 Nh7 12. g5 h5 13. f4 exf4 14. Bxf4 Nhf8 15. Nf3 Ba6 16. 0-0-0 Qb6 17. Bxa6 Qxa6 18. e5 d5 19. Qe3 g6 20. Nd3 Ne6 21. Bg3 0-0-0 22. Rhf1 Ng7 23. e6 Nxe6 24. Nfe5 c5 25. Nxf7 cxd4 26. Qe2 Rhe8 27. Qg2 Ndc5 28. Nxd8 Rxd8 29. Rf7 Bd6 30. Nxc5 Nxc5 31. Qh3+ Kb8 32. Rf6 Ne4 33. Bxd6+ Rxd6 34. Rf8+ Ka7 35. Rdf1 Qe2 36. R1f7+ Kb6 37. Rb8+ Kc5 38. Rc7+ Rc6 39. Rxc6+ Kxc6 40. Qc8+ Kd6 41. Qf8+ Kc7 42. Qd8+ Kc6 43. Qb6+ Kd7 44. Rb7+ Ke8 45. Qe6+ Kd8 46. Qd7# 1-0

[Event "EU-Cup 25th"]
[Site "Ohrid"]
[Date "2009.10.09"]
[Round "6.5"]
[White "Summers, Charles B"]
[Black "Calabrese, Antonino"]
[Result "1-0"]
[WhiteElo "1955"]
[BlackElo "1893"]
[PlyCount "63"]
[EventDate "2009.10.04"]
[EventType "team-swiss"]
[EventRounds "7"]
[EventCountry "MKD"]
[SourceTitle "CBM 133"]
[Source "ChessBase"]
[SourceDate "2009.11.19"]
[SourceVersion "1"]
[SourceVersionDate "2009.11.19"]
[SourceQuality "1"]
[WhiteTeam "Cardiff"]
[BlackTeam "Monte Carlo"]
[WhiteTeamCountry "WLS"]
[BlackTeamCountry "MNC"]

1. d4 d5 2. e4 e6 3. Be3 b6 4. Nd2 Ba6 5. Be2 Bxe2 6. Qxe2 Nf6 7. e5 Nfd7 8. f4 c5 9. c3 Nc6 10. a3 a5 11. Ngf3 a4 12. 0-0 c4 13. f5 h6 14. fxe6 fxe6 15. Nxc4 dxc4 16. Qxc4 Qc7 17. Qxe6+ Be7 18. Nh4 0-0-0 19. Nf5 Bf8 20. Qc4 Kb7 21. Qxa4 Na5 22. Qc2 Nc4 23. Bf4 g6 24. e6 Qc6 25. e7 Ra8 26. exf8Q Raxf8 27. Ne7 Qe6 28. Rae1 Qg4 29. Nxg6 Rhg8 30. Nxf8 Rxf8 31. Qe4+ Kc8 32. Qa8+ 1-0

[Event "WLS-ch"]
[Site "Cardiff"]
[Date "2009.04.11"]
[Round "2"]
[White "Davis, Lee"]
[Black "Summers, Charles B"]
[Result "1-0"]
[WhiteElo "1954"]
[BlackElo "2050"]
[PlyCount "115"]
[EventDate "2009.04.10"]
[EventType "swiss"]
[EventRounds "7"]
[EventCountry "WLS"]
[SourceTitle "CBM 129 Extra"]
[Source "ChessBase"]
[SourceDate "2009.05.05"]
[SourceVersion "2"]
[SourceVersionDate "2009.05.20"]
[SourceQuality "1"]

1. d4 c5 2. d5 Nf6 3. g3 g6 4. Bg2 Bg7 5. e4 d6 6. Ne2 b5 7. e5 Ng4 8. e6 f5 9. 0-0 Bb7 10. c4 a6 11. Na3 Qa5 12. Qc2 0-0 13. h4 b4 14. Nb1 Qc7 15. Nd2 a5 16. a4 Na6 17. Rb1 b3 18. Qxb3 Nb4 19. Nc3 Ba6 20. Nb5 Bxb5 21. cxb5 f4 22. Nc4 fxg3 23. Qxg3 Ne5 24. b3 Nc2 25. Bb2 Nd4 26. Bxd4 cxd4 27. Rbc1 Qa7 28. Be4 d3 29. b6 Qb7 30. h5 d2 31. Rcd1 Nxc4 32. bxc4 Be5 33. f4 Qxb6+ 34. Kg2 Bg7 35. hxg6 h6 36. Qd3 Qb4 37. Rxd2 Qxa4 38. c5 Rad8 39. c6 Rb8 40. Rb1 Rb4 41. Rxb4 axb4 42. Qc4 Bc3 43. Rc2 Qa7 44. Kf3 Qg1 45. Rg2 Qd1+ 46. Qe2 Qc1 47. f5 Be5 48. Qe3 Qd1+ 49. Qe2 Qc1 50. Qd2 Qf1+ 51. Kg4 Kg7 52. Rf2 Qc4 53. Qc2 Qd4 54. Kf3 Ra8 55. c7 Ra3+ 56. Kg2 Rc3 57. c8Q Qe3 58. Qe8 1-0

[Event "WLS-ch"]
[Site "Cardiff"]
[Date "2008.03.22"]
[Round "2"]
[White "Kett, Timothy"]
[Black "Summers, Charles B"]
[Result "1-0"]
[WhiteElo "2243"]
[BlackElo "2050"]
[PlyCount "61"]
[EventDate "2008.03.21"]
[EventType "swiss"]
[EventRounds "7"]
[EventCountry "WLS"]
[SourceTitle "CBM 123 Extra"]
[Source "ChessBase"]
[SourceDate "2008.05.06"]
[SourceVersion "1"]
[SourceVersionDate "2008.05.06"]
[SourceQuality "1"]

1. e4 e6 2. d4 a6 3. Nf3 b5 4. Bd3 Bb7 5. 0-0 c5 6. c3 Qc7 7. a4 c4 8. Bc2 Nf6 9. Re1 Nc6 10. Na3 Na7 11. Bg5 Rc8 12. axb5 Bxa3 13. Rxa3 Nxb5 14. Ra1 0-0 15. Bxf6 gxf6 16. Qd2 Kh8 17. Qh6 Rg8 18. Qxf6+ Rg7 19. Ng5 Rf8 20. Re3 Nd6 21. Rh3 Kg8 22. e5 Nf5 23. Bxf5 exf5 24. Qxf5 Qc6 25. f3 Qg6 26. Qxg6 fxg6 27. Rh4 Rf5 28. Ne4 Bc6 29. Nf6+ Kh8 30. Rxa6 Re7 31. f4 1-0

[Event "WLS-chT 0708"]
[Site "Wales"]
[Date "2007.12.13"]
[Round "3"]
[White "Summers, Charles B"]
[Black "Davies, G Brian"]
[Result "1-0"]
[WhiteElo "2028"]
[BlackElo "1528"]
[PlyCount "53"]
[EventDate "2007.10.07"]
[EventType "team-swiss"]
[EventRounds "7"]
[EventCountry "WLS"]
[SourceTitle "EXT 2010"]
[Source "ChessBase"]
[SourceDate "2010.11.25"]
[SourceVersion "1"]
[SourceVersionDate "2010.11.25"]
[SourceQuality "1"]

1. d4 d5 2. e4 e6 3. Be3 Nf6 4. Nd2 Be7 5. Bd3 dxe4 6. Nxe4 Nbd7 7. Nf3 Nd5 8. Qe2 Nxe3 9. Qxe3 h6 10. 0-0-0 c6 11. h4 Nf6 12. Nxf6+ Bxf6 13. g4 Qa5 14. Kb1 Bd7 15. g5 Be7 16. Ne5 Bd6 17. g6 Bxe5 18. gxf7+ Kxf7 19. dxe5 Raf8 20. Bg6+ Ke7 21. Qd4 Qc7 22. h5 Rf5 23. Qh4+ Kf8 24. Bxf5 exf5 25. e6 Be8 26. Rhe1 Qe7 27. Qf4 1-0

[Event "Dyfed op"]
[Site "Gwbert on Sea"]
[Date "2001.02.25"]
[Round "4"]
[White "Adams, Mark"]
[Black "Summers, Charles B"]
[Result "1-0"]
[WhiteElo "2010"]
[BlackElo "2050"]
[PlyCount "77"]
[EventDate "2001.02.??"]
[EventType "swiss"]
[EventRounds "5"]
[EventCountry "WLS"]
[SourceTitle "EXT 2004"]
[Source "ChessBase"]
[SourceDate "2003.11.25"]
[SourceVersion "1"]
[SourceVersionDate "2003.11.25"]
[SourceQuality "1"]

1. e4 c5 2. Nf3 e6 3. d4 cxd4 4. Nxd4 a6 5. Bd3 Qc7 6. 0-0 Nf6 7. c4 Bc5 8. Nb3 Ba7 9. Qe2 Nc6 10. Be3 Bxe3 11. Qxe3 Ng4 12. Qh3 Nce5 13. Be2 Nf6 14. N1d2 Ng6 15. Qe3 e5 16. g3 d6 17. Rac1 Bh3 18. Rfd1 Qd7 19. Nf1 0-0 20. Qd3 Rad8 21. Ne3 Nf4 22. gxf4 exf4 23. Nd5 Nxd5 24. cxd5 Rde8 25. Rc3 Bg4 26. h3 Bxe2 27. Qxe2 f5 28. f3 Qf7 29. Nd2 Qh5 30. Kh2 Rf6 31. Rg1 Rh6 32. Qf1 fxe4 33. fxe4 Qe5 34. Qf3 b5 35. Rg4 b4 36. Rc7 Qxb2 37. Qxf4 Rf6 38. Rgxg7+ Kf8 39. Rcf7+ 1-0

[Event "WLS-ch"]
[Site "Cardiff"]
[Date "1998.??.??"]
[Round "3"]
[White "Cast, Abigail"]
[Black "Summers, Charles B"]
[Result "1/2-1/2"]
[WhiteElo "2120"]
[BlackElo "2050"]
[PlyCount "82"]
[EventDate "1998.??.??"]
[EventType "swiss"]
[EventRounds "6"]
[EventCountry "WLS"]
[SourceTitle "EXT 2000"]
[Source "ChessBase"]
[SourceDate "1999.11.16"]
[SourceVersion "1"]
[SourceVersionDate "1999.11.16"]
[SourceQuality "1"]

1. d4 d5 2. c4 c6 3. Nc3 Nf6 4. cxd5 cxd5 5. Nf3 Nc6 6. Bf4 e6 7. e3 Be7 8. Bd3 0-0 9. 0-0 a6 10. Rc1 Bd7 11. Ne5 Rc8 12. Qe2 Be8 13. a3 Nd7 14. Nxd7 Bxd7 15. Qh5 f5 16. g4 Be8 17. Qh3 Bg6 18. gxf5 Bxf5 19. Bxf5 Rxf5 20. Kh1 Qd7 21. Rg1 Rcf8 22. Rg2 Bf6 23. Bh6 Kh8 24. Rcg1 gxh6 25. Qxh6 Qf7 26. Ne2 Rh5 27. Qf4 Ne7 28. Qf3 Bh4 29. Nf4 Rf5 30. Qh3 Bf6 31. Qh6 Rxf4 32. Qxf4 Nf5 33. Qg4 Bg7 34. Qe2 Bf6 35. Rg4 Nd6 36. Rf4 Nf5 37. Qf3 Rc8 38. Rfg4 Rf8 39. Qh3 Rc8 40. Qf3 Rf8 41. Qe2 Nd6 1/2-1/2

[Event "WLS-ch"]
[Site "Cardiff"]
[Date "1998.??.??"]
[Round "4"]
[White "Summers, Charles B"]
[Black "Richmond, Peter A"]
[Result "0-1"]
[WhiteElo "2050"]
[BlackElo "2200"]
[PlyCount "60"]
[EventDate "1998.??.??"]
[EventType "swiss"]
[EventRounds "6"]
[EventCountry "WLS"]
[SourceTitle "EXT 2000"]
[Source "ChessBase"]
[SourceDate "1999.11.16"]
[SourceVersion "1"]
[SourceVersionDate "1999.11.16"]
[SourceQuality "1"]

1. d4 Nc6 2. e4 e5 3. d5 Nce7 4. Be3 d6 5. Nc3 g6 6. Qd2 f5 7. f3 Bg7 8. 0-0-0 Nf6 9. Be2 a6 10. h4 b5 11. Bd3 Bd7 12. Nh3 b4 13. Ne2 a5 14. Bh6 0-0 15. Bxg7 Kxg7 16. Ng3 fxe4 17. Bxe4 Nf5 18. Bxf5 gxf5 19. Qg5+ Kh8 20. Nh5 Nxh5 21. Qxh5 Qe8 22. Qh6 Rg8 23. Qf6+ Rg7 24. Qh6 f4 25. Qf6 Qg6 26. Qxg6 Rxg6 27. Rd2 Rag8 28. b3 Rxg2 29. Rxg2 Rxg2 30. Ng5 Bf5 0-1

[Event "WLS-ch"]
[Site "Cardiff"]
[Date "1996.??.??"]
[Round "4"]
[White "Brown, Timothy G"]
[Black "Summers, Charles B"]
[Result "1-0"]
[WhiteElo "2195"]
[BlackElo "2055"]
[PlyCount "73"]
[EventDate "1996.??.??"]
[EventType "swiss"]
[EventRounds "6"]
[EventCountry "WLS"]
[SourceTitle "EXT 2000"]
[Source "ChessBase"]
[SourceDate "1999.11.16"]
[SourceVersion "1"]
[SourceVersionDate "1999.11.16"]
[SourceQuality "1"]

1. e4 c5 2. Nf3 a6 3. c4 Nc6 4. d4 cxd4 5. Nxd4 Nf6 6. Nc3 e5 7. Nc2 Bc5 8. Be3 Bxe3 9. Nxe3 Qa5 10. f3 Nd4 11. Rc1 0-0 12. Nc2 b5 13. Nxd4 exd4 14. Qxd4 b4 15. Nd5 b3+ 16. Qc3 Qxc3+ 17. Nxc3 bxa2 18. Nxa2 Rb8 19. Rc2 d6 20. Nc3 Be6 21. Nd5 Bxd5 22. cxd5 Nd7 23. Bxa6 Rb6 24. Be2 Rfb8 25. Kf2 Nc5 26. Rb1 g6 27. Bc4 Rb4 28. b3 Kg7 29. Ke3 Kf6 30. Rc3 Na4 31. Rcc1 Nc5 32. Kd4 Ke7 33. Rc3 f6 34. f4 Na4 35. Re3 Nb6 36. Ra1 Rb7 37. e5 1-0